| 000 | 00397cam a2200157ua 4500 | ||
|---|---|---|---|
| 003 | OSt | ||
| 008 | 241224b |||||||| |||| 00| 0 eng d | ||
| 041 | _aeng | ||
| 082 |
_a621.319 _bDUN/PR |
||
| 100 |
_aDunwoody, T . _96581 |
||
| 245 | _aPractical electrical wiring and contracting / | ||
| 250 | _a1 / | ||
| 260 |
_aMumbai : _bAsia Publishing House , _c1962. |
||
| 300 | _a384 ; . | ||
| 942 | _cBK | ||
| 999 |
_c1381 _d1381 |
||